Culture Générale - Série 1591 - Statistiques

Statistiques générales
  • Ce quiz a été pris 152 fois
  • Le résultat moyen est 5 sur 10
Statistiques - réponses
Question Réponse % Correct
Quelle est la capitale de la république d'Irlande ? Dublin
96%
Dans quel pays est née Marie Curie ? Pologne
88%
Quel nom de poisson blanc, rouge ou bonite, peut aussi désigner une femme laide ? thon
78%
Quel fleuve américain se jette dans l'océan Atlantique à New York ? Hudson
63%
Depuis 1989, quel chanteur français voyage autour du monde à bord d'un catamaran baptisé "Banana Split" ? Antoine
54%
A quelle série de bandes dessinées appartient l'album intitulé "La Marque jaune", sorti en 1953 ? Blake et Mortimer
35%
A quel compositeur doit-on les bandes originales des films : "Les Dents de la mer", "La Guerre des étoiles" et la saga des "Indiana Jones" ? John Williams
23%
Quel comédien a reçu le César du meilleur acteur en 1997, pour sa prestation dans "Capitaine Conan" ? Philippe Torreton
17%
En 1978, qui a signé les accords de Camp David pour Israël ? Menahem Begin
15%
Dans la série télévisée “Happy Days”, quel est le prénom du fils Cunningham, interprété par Ron Howard ? Richie
13%
Aucun quiz correspondant
Distribution des résultats
% des personnes avec chaque résultat
Percentile par nombre de réponses
Votre historique - résultats
Vous n’avez pas pris ce quiz